书目信息 |
| 题名: |
北京理工大学GMC冠军历程与实战指导
|
|
| 作者: | 刘斌 , 刘向东 , 郭颖 , 李军 编写 ;北京理工大学MBA教育中心 组编 | |
| 分册: | ||
| 出版信息: | 北京 机械工业出版社 2008 |
|
| 页数: | 315页 | |
| 开本: | 24cm | |
| 丛书名: | GMC培训全新教程 | |
| 单 册: | ||
| 中图分类: | F270 | |
| 科图分类: | ||
| 主题词: | 企业管理--qi ye guan li--高等学校 | |
| 电子资源: | ||
| ISBN: | 978-7-111-22619-2 | |
| 000 | 02079cam 2200313 450 | |
| 001 | 0100000597 | |
| 005 | 20080612113119.20 | |
| 010 | @a978-7-111-22619-2@dCNY36.00 (含光盘) | |
| 100 | @a20080529d2008 em y0chiy50 ea | |
| 101 | 0 | @achi |
| 102 | @aCN@b110000 | |
| 105 | @aak z 000yy | |
| 200 | 1 | @a北京理工大学GMC冠军历程与实战指导@Abei jing li gong da xue GMC guan jun li cheng yu shi zhan zhi dao@d= The GMC champion progress of Beijing Institute of Technology and practice guide@f李军 ... [等] 编写@g北京理工大学MBA教育中心组编@zeng |
| 210 | @a北京@c机械工业出版社@d2008 | |
| 215 | @a315页@c图@d24cm@e光盘1片 | |
| 225 | 2 | @aGMC培训全新教程@AGMC pei xun quan xin jiao cheng |
| 314 | @a其他责任者还有:刘斌, 刘向东, 郭颖 | |
| 330 | @a国际企业管理挑战赛(Global Management Challenge,简称GMC)被誉为“企业管理奥林匹克大赛”,20多年前起源于欧洲,为一年一度的国际赛事。目前已有五大洲30个国家和地区参赛。GMC作为在我国影响最为广泛,参赛选手水平最高的一个世界级管理竞赛,研究和参与人数不断提升。从1996年这项高水平的企业管理赛事引入中国开始,中国赛区已成功举办了11届比赛,在全国已具备非常大的影响力。越来越多的企业也开始意识到这种模拟系统是企业管理人员丰富管理知识、增强团队精神、提高管理技能及市场应变能力的良好途径。北京理工大学近年来在GMC大赛中成绩斐然,2005年和2006年两次获得GMC全国冠军,并且代表中国参加国际总决赛获得了第26届GMC世界冠军,第27届GMC世界季军,成为中国管理竞赛的领军者。本书由北京理工大学GMC世界冠军队成员及指导教师亲笔撰写,旨在传播经验、增强友谊。希望本书可以为广大热爱GMC 比赛的老师和同学们带来一些启发,提高我国管理竞赛的整体水平。 | |
| 410 | 0 | @12001 @aGMC培训全新教程 |
| 510 | 1 | @aGMC champion progress of Beijing Institute of Technology and practice guide@zeng |
| 606 | 0 | @a企业管理@Aqi ye guan li@x高等学校 |
| 690 | @aF270@v4 | |
| 701 | 0 | @a刘斌@Aliu bin@4编写 |
| 701 | 0 | @a刘向东@Aliu xiang dong@4编写 |
| 701 | 0 | @a郭颖@Aguo ying@4编写 |
| 701 | 0 | @a李军@Ali jun@4编写 |
| 712 | 02 | @a北京理工大学MBA教育中心@Abei jing li gong da xue MBA jiao yu zhong xin@4组编 |
| 801 | 0 | @aCN@c20080612 |
| 905 | @b20801437-39@dF270@eL185@fF270/L185 | |
| 北京理工大学GMC冠军历程与实战指导= The GMC champion progress of Beijing Institute of Technology and practice guide/李军 ... [等] 编写/北京理工大学MBA教育中心组编.-北京:机械工业出版社,2008 |
| 315页:图;24cm+光盘1片.-(GMC培训全新教程) |
| ISBN 978-7-111-22619-2:CNY36.00 (含光盘) |
| 国际企业管理挑战赛(Global Management Challenge,简称GMC)被誉为“企业管理奥林匹克大赛”,20多年前起源于欧洲,为一年一度的国际赛事。目前已有五大洲30个国家和地区参赛。GMC作为在我国影响最为广泛,参赛选手水平最高的一个世界级管理竞赛,研究和参与人数不断提升。从1996年这项高水平的企业管理赛事引入中国开始,中国赛区已成功举办了11届比赛,在全国已具备非常大的影响力。越来越多的企业也开始意识到这种模拟系统是企业管理人员丰富管理知识、增强团队精神、提高管理技能及市场应变能力的良好途径。北京理工大学近年来在GMC大赛中成绩斐然,2005年和2006年两次获得GMC全国冠军,并且代表中国参加国际总决赛获得了第26届GMC世界冠军,第27届GMC世界季军,成为中国管理竞赛的领军者。本书由北京理工大学GMC世界冠军队成员及指导教师亲笔撰写,旨在传播经验、增强友谊。希望本书可以为广大热爱GMC 比赛的老师和同学们带来一些启发,提高我国管理竞赛的整体水平。 |
| ● |
| 相关链接 |
|
|
|
正题名:北京理工大学GMC冠军历程与实战指导
索取号:F270/L185
 
预约/预借
| 序号 | 登录号 | 条形码 | 馆藏地/架位号 | 状态 | 备注 |
| 1 | 800452 | 208004522 | 社科库409/409社科库 83排3列5层/ [索取号:F270/L185] | 在馆 | |
| 2 | 800453 | 208004531 | 社科库409/409社科库 83排3列5层/ [索取号:F270/L185] | 在馆 | |
| 3 | 800454 | 208004540 | 社科库409/409社科库 83排3列5层/ [索取号:F270/L185] | 在馆 |